000 00602nam a2200181Ia 4500
008 100921s9999 xx 000 0 und d
082 _b19275
_a891.463 थ 85
100 _aहरकारे अरूण.
245 _aकल्पनेचा खेळ.
260 _bमनोरमा प्रकाशन,मुंबई.
_c1985
300 _a198
_b---
365 _b45
520 _aललित-कादंबरी.
630 _aकल्पनेचा खेळ.
650 _aललित-कादंबरी.
730 _aकल्पनेचा खेळ.
942 _cBOOK
999 _c768388
_d768385